000
00291nam a22001337a 4500
082
_a
920
_b
MUR/B
100
_a
KRISHNA,MURTHY Y
245
_a
BENEFACTORS OF MANKIND
250
_a
FIRST
260
_a
CHENNAI
_b
SURA BOOKS
_c
2004
300
_a
88
650
_a
BIOGRAPHIES
_z
CHENNAI
942
_c
BK
999
_c
6447
_d
6447